[Event "Open Portugal 2019"]
[Site "Lisboa POR"]
[Date "2019.02.06"]
[Round "6.116"]
[White "Fonseca, Pedro"]
[Black "Gama, João Tiago"]
[Result "1-0"]
[WhiteElo "1610"]
[BlackElo "1273"]
[WhiteFideId "1955624"]
[BlackFideId "1961160"]
[WhiteCountry "POR"]
[BlackCountry "POR"]
[PlyCount "43"]
[EventDate "2019.02.02"]

1. e4 c5 2. Nf3 Nc6 3. Bb5 d6 4. O-O Nf6 5. Re1 a6 6. Bxc6+ bxc6 7. e5 Nd5 8.
exd6 Qxd6 9. h3 f6 10. d3 e5 11. Nh4 Be7 12. Qh5+ Kd8 13. Ng6 hxg6 14. Qxh8+ Kc7
15. Qxg7 Bf5 16. g4 Nf4 17. Bxf4 exf4 18. Rxe7+ Kb6 19. Rb7+ Ka5 20. gxf5 Qe5
21. Qc7+ Ka4 22. b3# 1-0

[Event "Open Portugal 2019"]
[Site "Lisboa POR"]
[Date "2019.02.06"]
[Round "6.117"]
[White "Dong, Rafael"]
[Black "Dias, José"]
[Result "0-1"]
[WhiteElo "1363"]
[BlackElo "1560"]
[WhiteFideId "1958038"]
[BlackFideId "1923943"]
[WhiteCountry "POR"]
[BlackCountry "POR"]
[PlyCount "130"]
[EventDate "2019.02.02"]

1. c4 e6 2. Nc3 c5 3. Nf3 Nc6 4. g3 g6 5. Bg2 Bg7 6. e3 Nge7 7. d4 cxd4 8. exd4
O-O 9. Be3 Nf5 10. O-O a6 11. Rb1 d5 12. c5 b6 13. b4 a5 14. b5 Nce7 15. c6 Nxe3
16. fxe3 Bh6 17. Qd3 Nf5 18. Rfe1 Nd6 19. Nd2 f5 20. Na4 Qc7 21. Rf1 Rb8 22. Bh3
Qe7 23. Rbc1 e5 24. dxe5 Qxe5 25. Rc3 Re8 26. Re1 Be6 27. Nf3 Qe4 28. Qxe4 dxe4
29. Nd4 Bxa2 30. Rec1 Bg7 31. c7 Rb7 32. c8=Q Nxc8 33. Rxc8 Rxc8 34. Rxc8+ Kf7
35. Nc6 Bf6 36. Nc3 Bc4 37. Nxa5 bxa5 38. Rxc4 Bxc3 39. Rxc3 Rxb5 40. Rc7+ Kg8
41. Bf1 Rb4 42. Rc4 Kf7 43. Rxb4 axb4 44. Bc4+ Kf6 45. Kf2 Ke5 46. h3 g5 47. h4
h6 48. hxg5 hxg5 49. Bb3 f4 50. g4 Kf6 51. Bd1 Ke5 52. Ke2 Kd5 53. Bb3+ Ke5 54.
Kd2 Kd6 55. Bd1 f3 56. Kc2 Kc5 57. Kb3 Kb5 58. Kc2 Kc4 59. Kd2 b3 60. Kc1 Kc3
61. Kb1 Kd2 62. Bxb3 Kxe3 63. Kc2 Kf2 64. Bd5 e3 65. Bxf3 Kxf3 0-1

[Event "Open Portugal 2019"]
[Site "Lisboa POR"]
[Date "2019.02.06"]
[Round "6.118"]
[White "Martinho, Alberto"]
[Black "Gaudin, Bruno"]
[Result "1/2-1/2"]
[WhiteElo "1237"]
[BlackElo "1558"]
[WhiteFideId "1948784"]
[BlackFideId "647861"]
[WhiteCountry "POR"]
[BlackCountry "FRA"]
[PlyCount "129"]
[EventDate "2019.02.02"]

1. e4 d6 2. Nf3 Nf6 3. Nc3 e5 4. h3 Be7 5. Bc4 O-O 6. O-O a6 7. a3 b5 8. Ba2 Bb7
9. d3 Nbd7 10. b4 Rc8 11. Ne2 c5 12. c4 bxc4 13. Bxc4 cxb4 14. axb4 Nxe4 15.
Bxa6 Bxa6 16. Rxa6 Nef6 17. Be3 d5 18. b5 Rb8 19. Qb1 d4 20. Bd2 Nd5 21. Rc1 Rb7
22. Ra5 Nc3 23. Nxc3 Qxa5 24. Nd5 Qa3 25. Rc2 Re8 26. Rb2 Qd6 27. Nxe7+ Qxe7 28.
Ng5 h6 29. Ne4 Rb6 30. Bb4 Qe6 31. Ba5 Rbb8 32. b6 f5 33. Nd2 Rb7 34. Nc4 e4 35.
Qa2 exd3 36. Nd6 Qxa2 37. Rxa2 Re2 38. Rxe2 dxe2 39. Nxb7 Nxb6 40. Nc5 Nc4 41.
Bb4 Kf7 42. Nd3 Ke6 43. f4 Kd5 44. Be1 Ke4 45. Nc1 d3 46. Kf2 d2 47. Bxd2 Nxd2
48. Kxe2 Nc4 49. g3 Ne3 50. Nd3 Nd5 51. Ne5 g5 52. Ng6 Nc3+ 53. Kf2 Nd1+ 54. Ke2
Ne3 55. h4 Ng4 56. fxg5 hxg5 57. hxg5 Kd5 58. Ne7+ Ke6 59. Ng8 Kf7 60. Nh6+ Nxh6
61. gxh6 Kg6 62. h7 Kxh7 63. Kf3 Kg6 64. Kf4 Kf6 65. g4 1/2-1/2

[Event "Open Portugal 2019"]
[Site "Lisboa POR"]
[Date "2019.02.06"]
[Round "6.121"]
[White "Bártolo, Diogo"]
[Black "Fonseca, René Gil"]
[Result "0-1"]
[WhiteElo "1226"]
[BlackElo "1343"]
[WhiteFideId "1946757"]
[BlackFideId "1957767"]
[WhiteCountry "POR"]
[BlackCountry "POR"]
[PlyCount "68"]
[EventDate "2019.02.02"]

1. e4 e6 2. d4 d5 3. Nd2 Nf6 4. e5 Nfd7 5. Bd3 c5 6. c3 Nc6 7. Ne2 cxd4 8. cxd4
f6 9. Nf4 Nxd4 10. Qh5+ Ke7 11. Ng6+ hxg6 12. Qxh8 Nxe5 13. Bb1 Qc7 14. O-O Ne2+
15. Kh1 Nxc1 16. Nb3 Qc4 17. Rxc1 Qf4 18. f3 Bd7 19. Qh3 Qe3 20. Qg3 Kf7 21. Re1
Qh6 22. Bc2 Rc8 23. Rac1 Bb4 24. Red1 Nc4 25. Rd4 Bd6 26. f4 g5 27. Rf1 Bxf4 28.
Rdxf4 gxf4 29. Rxf4 g5 30. Rf3 Ne5 31. Rf2 Ba4 32. Bb1 Bxb3 33. axb3 Rc1+ 34.
Rf1 Rxf1# 0-1

[Event "Open Portugal 2019"]
[Site "Lisboa POR"]
[Date "2019.02.07"]
[Round "7.1"]
[White "Motylev, Alexander"]
[Black "Iturrizaga, Eduardo"]
[Result "1/2-1/2"]
[WhiteElo "2644"]
[BlackElo "2640"]
[WhiteFideId "4121830"]
[BlackFideId "3901211"]
[WhiteTitle "GM"]
[BlackTitle "GM"]
[WhiteCountry "RUS"]
[BlackCountry "VEN"]
[PlyCount "29"]
[EventDate "2019.??.??"]

1. e4 c5 2. Nf3 e6 3. d4 cxd4 4. Nxd4 Nc6 5. Nc3 Qc7 6. g3 a6 7. Bg2 d6 8. Nxc6
bxc6 9. O-O Bb7 10. Re1 Nf6 11. Bf4 Nd7 12. Qd2 Nb6 13. b3 Be7 14. Rad1 Rd8 15.
a4 1/2-1/2

[Event "Open Portugal 2019"]
[Site "Lisboa POR"]
[Date "2019.02.07"]
[Round "7.3"]
[White "Petrov, Nikita"]
[Black "Butkiewicz, Lukasz"]
[Result "1-0"]
[WhiteElo "2585"]
[BlackElo "2445"]
[WhiteFideId "4101286"]
[BlackFideId "1122428"]
[WhiteTitle "GM"]
[BlackTitle "IM"]
[WhiteCountry "RUS"]
[BlackCountry "POL"]
[PlyCount "75"]
[EventDate "2019.??.??"]

1. e4 c5 2. Nf3 Nc6 3. Bb5 Nf6 4. Nc3 g6 5. e5 Ng4 6. Bxc6 dxc6 7. d3 Bg7 8. Bf4
Nh6 9. Ne4 b6 10. Qd2 Nf5 11. c3 h5 12. h3 h4 13. O-O Be6 14. Neg5 Qd7 15. Rfe1
O-O-O 16. Nxe6 fxe6 17. Red1 Bh6 18. Bxh6 Rxh6 19. a4 Rh5 20. Qe2 Kb8 21. d4
cxd4 22. Nxd4 Nxd4 23. Rxd4 Qc7 24. Rxd8+ Qxd8 25. Rd1 Qc7 26. f4 Rf5 27. Qg4 g5
28. Qh5 Qc8 29. fxg5 Qg8 30. Qxh4 Rxg5 31. Rd2 Kc7 32. Qd4 Qe8 33. b4 Rg8 34. a5
Qc8 35. c4 Qe8 36. axb6+ axb6 37. c5 b5 38. Qa1 1-0

[Event "Open Portugal 2019"]
[Site "Lisboa POR"]
[Date "2019.02.07"]
[Round "7.6"]
[White "Yankelevich, Lev"]
[Black "Kadric, Denis"]
[Result "1/2-1/2"]
[WhiteElo "2445"]
[BlackElo "2545"]
[WhiteFideId "24684074"]
[BlackFideId "14403803"]
[WhiteTitle "IM"]
[BlackTitle "GM"]
[WhiteCountry "GER"]
[BlackCountry "BIH"]
[PlyCount "62"]
[EventDate "2019.??.??"]

1. d4 d6 2. Nf3 g6 3. e4 Bg7 4. Bd3 Nc6 5. d5 Nb8 6. O-O Nf6 7. h3 O-O 8. c4 c6
9. Nc3 a5 10. Bg5 Na6 11. Qd2 Re8 12. Rfe1 Nc5 13. Bf1 Nfd7 14. Bh6 Bxh6 15.
Qxh6 Qb6 16. Ng5 Nf8 17. Re3 Qd8 18. Rd1 f6 19. Nf3 e5 20. dxe6 Rxe6 21. e5 fxe5
22. Ng5 Qc7 23. Rf3 Qg7 24. Qxg7+ Kxg7 25. Nxe6+ Nfxe6 26. Rxd6 Nd4 27. Re3 Nf5
28. Rd8 Nxe3 29. fxe3 Ne6 30. Rd6 Nc5 31. Rd8 Ne6 1/2-1/2

[Event "Open Portugal 2019"]
[Site "Lisboa POR"]
[Date "2019.02.07"]
[Round "7.7"]
[White "Annaberdiev, Meilis"]
[Black "Rajesh, V A V."]
[Result "1-0"]
[WhiteElo "2522"]
[BlackElo "2406"]
[WhiteFideId "14000563"]
[BlackFideId "5029317"]
[WhiteTitle "IM"]
[BlackTitle "IM"]
[WhiteCountry "TKM"]
[BlackCountry "IND"]
[PlyCount "127"]
[EventDate "2019.??.??"]

1. e4 e5 2. Nf3 Nc6 3. Bb5 a6 4. Ba4 d6 5. Bxc6+ bxc6 6. d4 f6 7. Nc3 g6 8. Be3
Bg7 9. Qe2 Nh6 10. O-O-O Nf7 11. h4 h6 12. Qc4 Bd7 13. h5 g5 14. Ne2 O-O 15. Ng3
Kh8 16. Kb1 Qb8 17. Qb3 Qb5 18. Bc1 a5 19. Qxb5 cxb5 20. Rhe1 Bg4 21. d5 Nd8 22.
Rd3 f5 23. exf5 Bxf5 24. Nxf5 Rxf5 25. Re4 Kg8 26. Be3 Kf8 27. Nd2 Ke8 28. a4 b4
29. Rc4 Kd7 30. Ne4 Bf8 31. b3 Ra6 32. c3 bxc3 33. Kc2 c5 34. Rdxc3 Nb7 35. Rd3
Ra8 36. Nd2 Be7 37. Rg4 Raf8 38. Nc4 Bf6 39. Kd1 Bd8 40. Ke2 Re8 41. Re4 Rg8 42.
Rg4 Re8 43. Nd2 Be7 44. Ne4 Rb8 45. Bd2 Bd8 46. Rgg3 Ke8 47. Rgf3 Rf7 48. Rxf7
Kxf7 49. Rf3+ Kg8 50. Kd3 Bc7 51. Rf6 Nd8 52. Kc2 Nf7 53. Bc3 Rf8 54. Nd2 Nd8
55. Rxf8+ Kxf8 56. Nc4 Nb7 57. Kd3 Kf7 58. Ke4 Kf6 59. g3 Kf7 60. Kf5 Bd8 61.
Be1 Bc7 62. Bd2 Bd8 63. f4 gxf4 64. gxf4 1-0

[Event "Open Portugal 2019"]
[Site "Lisboa POR"]
[Date "2019.02.07"]
[Round "7.8"]
[White "Stefansson, Hannes"]
[Black "Sousa, Ludy"]
[Result "1-0"]
[WhiteElo "2514"]
[BlackElo "2169"]
[WhiteFideId "2300087"]
[BlackFideId "1504134"]
[WhiteTitle "GM"]
[BlackTitle "CM"]
[WhiteCountry "ISL"]
[BlackCountry "NOR"]
[PlyCount "59"]
[EventDate "2019.??.??"]

1. d4 Nf6 2. c4 c5 3. d5 b5 4. cxb5 a6 5. bxa6 d6 6. Nc3 Bxa6 7. Nf3 g6 8. e4
Bxf1 9. Kxf1 Nbd7 10. g3 Bg7 11. Kg2 O-O 12. a4 Qb6 13. Qe2 Rfb8 14. Nb5 Ne8 15.
Ra3 Nc7 16. Nxc7 Qxc7 17. b3 c4 18. Qxc4 Qxc4 19. bxc4 Rb4 20. Bg5 f6 21. Be3
Rxc4 22. a5 Ra6 23. Rb1 Nc5 24. Nd2 Rc2 25. Rb6 Ra7 26. a6 Kf7 27. Bxc5 Rxc5 28.
Rb7 Ra8 29. a7 Rcc8 30. Ra4 1-0

[Event "Open Portugal 2019"]
[Site "Lisboa POR"]
[Date "2019.02.07"]
[Round "7.9"]
[White "Haug, Johannes"]
[Black "David, Alberto"]
[Result "1/2-1/2"]
[WhiteElo "2403"]
[BlackElo "2560"]
[WhiteFideId "1509268"]
[BlackFideId "4000013"]
[WhiteTitle "FM"]
[BlackTitle "GM"]
[WhiteCountry "NOR"]
[BlackCountry "ITA"]
[PlyCount "146"]
[EventDate "2019.??.??"]

1. d4 Nf6 2. c4 e6 3. Nf3 d5 4. Nc3 dxc4 5. e4 b5 6. e5 Nd5 7. Nxb5 Nb6 8. Be2
Be7 9. O-O Nc6 10. Be3 O-O 11. Rc1 Ba6 12. Nc3 Nb4 13. Nd2 Rb8 14. b3 cxb3 15.
axb3 Bxe2 16. Qxe2 N6d5 17. Nce4 Kh8 18. g3 Qe8 19. Ra1 a6 20. Rfc1 Qb5 21. Qc4
h6 22. Kg2 Rfd8 23. Kg1 Kg8 24. Kg2 c5 25. Qxb5 Rxb5 26. Nf3 Nd3 27. Rcb1 Nxe3+
28. fxe3 cxd4 29. exd4 Rb6 30. Ned2 Rc6 31. Nc4 Nb4 32. Rd1 Rb8 33. Rd2 Nd5 34.
Rd3 Bb4 35. Rc1 Rb5 36. Ra1 Kf8 37. Kf2 Ke7 38. Nfd2 f5 39. exf6+ gxf6 40. Ne4
f5 41. Ned2 Nf6 42. Ke2 a5 43. Rc1 Rc8 44. Rc2 Ng4 45. Nf3 Rb7 46. Ra2 Nf6 47.
Nfe5 Nd5 48. Nxa5 Rbc7 49. Kf3 Rc2 50. Rxc2 Rxc2 51. Nac6+ Kf6 52. Nxb4 Nxb4 53.
Re3 Rxh2 54. Re2 Rh1 55. Nd7+ Kf7 56. Nc5 Rc1 57. Nxe6 Rc3+ 58. Kg2 Rxb3 59. Nf4
Nd3 60. Nxd3 Rxd3 61. Re5 Kf6 62. Rd5 h5 63. Rd6+ Kg5 64. Rd8 h4 65. Rg8+ Kf6
66. gxh4 Rxd4 67. Kg3 Rd3+ 68. Kf4 Rd4+ 69. Kg3 Rd1 70. Rf8+ Kg6 71. Rg8+ Kf6
72. Rf8+ Ke5 73. Re8+ Kf6 1/2-1/2

[Event "Open Portugal 2019"]
[Site "Lisboa POR"]
[Date "2019.02.07"]
[Round "7.11"]
[White "Low, Zhen Yu Cyrus"]
[Black "Spraggett, Kevin"]
[Result "0-1"]
[WhiteElo "2377"]
[BlackElo "2513"]
[WhiteFideId "5804175"]
[BlackFideId "2600013"]
[WhiteTitle "IM"]
[BlackTitle "GM"]
[WhiteCountry "SGP"]
[BlackCountry "CAN"]
[PlyCount "64"]
[EventDate "2019.??.??"]

1. e4 d5 2. exd5 Qxd5 3. Nc3 Qd6 4. d4 Nf6 5. Nf3 c6 6. g3 Bf5 7. Bg2 e6 8. O-O
Be7 9. Bf4 Qd8 10. h3 h6 11. Qe2 O-O 12. Rad1 Nbd7 13. Rfe1 Rc8 14. Nb1 Nd5 15.
Be3 Nxe3 16. fxe3 Nf6 17. Nc3 Bb4 18. g4 Bh7 19. Qc4 Qa5 20. Qb3 c5 21. Ne5 cxd4
22. exd4 Bxc3 23. bxc3 Rxc3 24. Qxb7 Rxc2 25. Nc6 Qc3 26. Nxa7 Be4 27. Rxe4
Rxg2+ 28. Kxg2 Qc2+ 29. Kf3 Qxd1+ 30. Re2 Qh1+ 31. Rg2 Qxh3+ 32. Ke2 Nd5 0-1

[Event "Open Portugal 2019"]
[Site "Lisboa POR"]
[Date "2019.02.07"]
[Round "7.12"]
[White "Kaasen, Tor Fredrik"]
[Black "Galego, Luís"]
[Result "0-1"]
[WhiteElo "2387"]
[BlackElo "2508"]
[WhiteFideId "1516647"]
[BlackFideId "1900072"]
[WhiteTitle "IM"]
[BlackTitle "GM"]
[WhiteCountry "NOR"]
[BlackCountry "POR"]
[PlyCount "58"]
[EventDate "2019.??.??"]

1. c4 d6 2. Nc3 Nf6 3. d4 Nbd7 4. e4 e5 5. Nf3 Be7 6. Be2 O-O 7. O-O exd4 8.
Nxd4 Nc5 9. Qc2 a5 10. Rd1 Bd7 11. f4 c6 12. e5 Ne8 13. Nf5 dxe5 14. fxe5 Bg5
15. Nd6 Qe7 16. Nf5 Bxf5 17. Qxf5 Bxc1 18. Raxc1 g6 19. Qf4 Ng7 20. Bf1 Rfe8 21.
Re1 Rad8 22. Ne4 Nxe4 23. Rxe4 Ne6 24. Qh6 Rd4 25. Rce1 Qc5 26. R4e3 Ng7 27. Rh3
Rf4+ 28. Rhe3 Re4 29. g4 Rxg4+ 0-1

[Event "Open Portugal 2019"]
[Site "Lisboa POR"]
[Date "2019.02.07"]
[Round "7.13"]
[White "Dvirnyy, Danyyil"]
[Black "Carrasco Martínez, Juan M"]
[Result "1-0"]
[WhiteElo "2487"]
[BlackElo "2380"]
[WhiteFideId "817570"]
[BlackFideId "2207729"]
[WhiteTitle "GM"]
[BlackTitle "IM"]
[WhiteCountry "ITA"]
[BlackCountry "ESP"]
[PlyCount "77"]
[EventDate "2019.??.??"]

1. d4 Nf6 2. c4 c5 3. d5 b5 4. cxb5 a6 5. bxa6 g6 6. Nc3 Bg7 7. Nf3 O-O 8. g3 d6
9. Bg2 Nbd7 10. Rb1 Nb6 11. Nd2 Bxa6 12. O-O Bb7 13. e4 Ba6 14. Re1 Nfd7 15. Nf3
Nc4 16. Qc2 Qa5 17. Bf1 Rfb8 18. Rd1 Nde5 19. Ne1 Nb6 20. Bg2 Nec4 21. Bf1 Na3
22. bxa3 Bxf1 23. Kxf1 Bxc3 24. Nf3 Bf6 25. Kg2 Qa4 26. Rd2 c4 27. Rb4 Qxc2 28.
Rxc2 c3 29. Nd4 Bxd4 30. Rxd4 Ra4 31. Rb4 Rxb4 32. axb4 Na4 33. a3 e6 34. Kf3
Rb5 35. dxe6 fxe6 36. Ke3 d5 37. Kd3 dxe4+ 38. Kc4 Rf5 39. Be3 1-0

[Event "Open Portugal 2019"]
[Site "Lisboa POR"]
[Date "2019.02.07"]
[Round "7.14"]
[White "Bilgüün, Sumiya"]
[Black "Plichta, Kamil"]
[Result "1-0"]
[WhiteElo "2471"]
[BlackElo "2347"]
[WhiteFideId "4901541"]
[BlackFideId "1141830"]
[WhiteTitle "IM"]
[BlackTitle "FM"]
[WhiteCountry "MGL"]
[BlackCountry "POL"]
[PlyCount "101"]
[EventDate "2019.??.??"]

1. Nf3 g6 2. d4 Nf6 3. Nc3 d5 4. Bf4 Bg7 5. e3 O-O 6. Be2 c5 7. O-O cxd4 8. exd4
Nc6 9. Ne5 Nd7 10. Nf3 Nf6 11. Ne5 Nd7 12. Nxd5 Ndxe5 13. dxe5 Nxe5 14. Bg5 Nc6
15. Bb5 f6 16. Be3 Be6 17. c4 Bf7 18. Bc5 Re8 19. Qa4 e6 20. Nb4 a6 21. Bxc6
bxc6 22. Rfd1 Qb8 23. Bd6 Qa7 24. Nxc6 Qb7 25. b4 e5 26. Rac1 Bh6 27. Rc3 e4 28.
Bc5 Rac8 29. Na5 Qb8 30. Be3 Qe5 31. Qc2 Bg7 32. c5 Red8 33. Rxd8+ Rxd8 34. f4
exf3 35. Nc6 Rd1+ 36. Qxd1 Qxc3 37. Bd4 Qc4 38. Qxf3 Qe6 39. h3 Be8 40. Na5 Qe1+
41. Kh2 Qxb4 42. Qd5+ Kf8 43. Qd6+ Kf7 44. Qd5+ Ke7 45. Nb7 Qb5 46. Qd6+ Kf7 47.
c6 g5 48. a4 Qxa4 49. c7 Qd7 50. Qc5 Bf8 51. Qc4+ 1-0

[Event "Open Portugal 2019"]
[Site "Lisboa POR"]
[Date "2019.02.07"]
[Round "7.15"]
[White "Kowalski, Igor"]
[Black "Miezis, Normunds"]
[Result "1/2-1/2"]
[WhiteElo "2296"]
[BlackElo "2467"]
[WhiteFideId "1172468"]
[BlackFideId "11600136"]
[WhiteTitle "FM"]
[BlackTitle "GM"]
[WhiteCountry "POL"]
[BlackCountry "LAT"]
[PlyCount "111"]
[EventDate "2019.??.??"]

1. d4 Nf6 2. Nf3 e6 3. c4 Bb4+ 4. Nbd2 O-O 5. a3 Be7 6. e4 d6 7. Bd3 e5 8. O-O
Nbd7 9. b3 exd4 10. Nxd4 Re8 11. Bb2 Nc5 12. Bc2 Bf8 13. f3 g6 14. b4 Ncd7 15.
f4 Bg7 16. Qf3 a5 17. Rae1 axb4 18. axb4 Ra2 19. Qb3 Rxb2 20. Qxb2 Ng4 21. c5
Nxc5 22. N2f3 Ne6 23. e5 Nxf4 24. exd6 cxd6 25. Rxe8+ Qxe8 26. Qc1 Bh6 27. Qe1
Qd8 28. Kh1 Bd7 29. h3 Nxg2 30. Kxg2 Ne3+ 31. Kh1 Nxf1 32. Qxf1 Qc8 33. h4 Bh3
34. Qf2 Qg4 35. Nh2 Qd7 36. Bb3 Bg7 37. Nhf3 h6 38. Qg3 Bg4 39. Qf4 Bh5 40. Bd5
b6 41. Kg2 Qe7 42. Qe4 Qd7 43. Bc6 Qd8 44. Qe8+ Qxe8 45. Bxe8 Bg4 46. Nb5 Kf8
47. Bc6 Be5 48. Nc7 Bb2 49. Nd5 Ba3 50. Nd4 Be6 51. Nc2 Bxd5+ 52. Bxd5 Bb2 53.
Kf3 h5 54. Ne3 Bc3 55. b5 Bd4 56. Nc4 1/2-1/2

[Event "Open Portugal 2019"]
[Site "Lisboa POR"]
[Date "2019.02.07"]
[Round "7.16"]
[White "Terrieux, Kevin"]
[Black "Li, Xueyi"]
[Result "1/2-1/2"]
[WhiteElo "2459"]
[BlackElo "2217"]
[WhiteFideId "622591"]
[BlackFideId "8605912"]
[WhiteTitle "IM"]
[WhiteCountry "FRA"]
[BlackCountry "CHN"]
[PlyCount "64"]
[EventDate "2019.??.??"]

1. Nf3 d5 2. c4 c6 3. cxd5 cxd5 4. d4 e6 5. Bf4 Bd6 6. Bg3 Nf6 7. Nc3 Ne4 8. e3
f5 9. Bxd6 Nxd6 10. Ne5 O-O 11. Be2 Nd7 12. Nd3 Ne4 13. Rc1 Ndf6 14. O-O Bd7 15.
f3 Nd6 16. Ne5 a6 17. Qb3 b5 18. Qa3 Nc4 19. Bxc4 bxc4 20. b3 Bb5 21. bxc4 dxc4
22. Qb2 f4 23. a4 Be8 24. Qd2 fxe3 25. Qxe3 Nd5 26. Qd2 Nxc3 27. Qxc3 Bxa4 28.
Qxc4 Bb3 29. Qxb3 Qxd4+ 30. Kh1 Qxe5 31. Rfe1 Qd5 32. Qa4 Rac8 1/2-1/2

[Event "Open Portugal 2019"]
[Site "Lisboa POR"]
[Date "2019.02.07"]
[Round "7.17"]
[White "Thórhallsson, Thröstur"]
[Black "Lisowski, Krzysztof"]
[Result "1/2-1/2"]
[WhiteElo "2425"]
[BlackElo "2135"]
[WhiteFideId "2300109"]
[BlackFideId "1110969"]
[WhiteTitle "GM"]
[WhiteCountry "ISL"]
[BlackCountry "POL"]
[PlyCount "55"]
[EventDate "2019.??.??"]

1. d4 Nf6 2. c4 e6 3. Nc3 Bb4 4. e3 O-O 5. Bd3 d5 6. Nf3 c5 7. O-O Nc6 8. a3
Bxc3 9. bxc3 dxc4 10. Bxc4 Qc7 11. Qe2 e5 12. d5 Na5 13. e4 Bg4 14. Ba2 c4 15.
h3 Bxf3 16. Qxf3 Nb3 17. Rb1 Nxc1 18. Rfxc1 Ne8 19. Qg3 Nd6 20. Re1 Rfe8 21. Qe3
Qa5 22. Qc1 Rac8 23. Rb4 Qc5 24. a4 Rc7 25. Bb1 Rce7 26. Bc2 f5 27. exf5 e4 28.
Qe3 1/2-1/2

[Event "Open Portugal 2019"]
[Site "Lisboa POR"]
[Date "2019.02.07"]
[Round "7.18"]
[White "Christiansen, Johan-Sebastian"]
[Black "Ilic, Zoran"]
[Result "1-0"]
[WhiteElo "2559"]
[BlackElo "2302"]
[WhiteFideId "1512668"]
[BlackFideId "901733"]
[WhiteTitle "GM"]
[BlackTitle "IM"]
[WhiteCountry "NOR"]
[BlackCountry "SRB"]
[PlyCount "91"]
[EventDate "2019.??.??"]

1. Nf3 c5 2. e4 e6 3. d4 cxd4 4. Nxd4 a6 5. c4 Nf6 6. Nc3 Qc7 7. Qd3 Bb4 8. Nc2
Be7 9. Qg3 Qxg3 10. hxg3 d6 11. Bf4 Nbd7 12. Rd1 e5 13. Bg5 b6 14. Ne3 g6 15.
Bh6 Bb7 16. f3 O-O-O 17. Nc2 Kb8 18. Kf2 Rc8 19. Be2 Rhd8 20. Rd2 Nc5 21. Be3 h5
22. Rhd1 Kc7 23. Kg1 Kb8 24. Bg5 Ncd7 25. Nb4 Kc7 26. Be3 Nc5 27. Nc2 Kb8 28.
Ra1 Kc7 29. Bf1 Kb8 30. Rdd1 Rc7 31. Nb4 Rcc8 32. Rd2 Kc7 33. Rc1 Kb8 34. Rcd1
Kc7 35. Bg5 Ncd7 36. Ncd5+ Bxd5 37. cxd5 a5 38. Rc2+ Nc5 39. Nc6 Kd7 40. Bb5
Rxc6 41. Bxc6+ Kc7 42. a3 Kb8 43. b4 axb4 44. axb4 Na6 45. Ra2 Nc7 46. Be3 1-0

[Event "Open Portugal 2019"]
[Site "Lisboa POR"]
[Date "2019.02.07"]
[Round "7.19"]
[White "Sörensen, Hampus"]
[Black "Dâmaso, Rui"]
[Result "1-0"]
[WhiteElo "2289"]
[BlackElo "2439"]
[WhiteFideId "8703884"]
[BlackFideId "1900030"]
[BlackTitle "IM"]
[WhiteCountry "SWE"]
[BlackCountry "POR"]
[PlyCount "113"]
[EventDate "2019.??.??"]

1. d4 d6 2. c4 e5 3. d5 f5 4. e4 f4 5. g3 Nf6 6. Nc3 Be7 7. gxf4 exf4 8. Bxf4
O-O 9. Bg3 Na6 10. Bg2 Ng4 11. Nf3 Bf6 12. O-O h5 13. h4 Nc5 14. Qc2 Bd7 15.
Rae1 a5 16. b3 Be8 17. Ne2 b5 18. Ned4 bxc4 19. Qxc4 Kh8 20. e5 dxe5 21. Qxc5
Be7 22. Qc4 exd4 23. Nxd4 Bd6 24. Ne6 Qf6 25. Nxf8 Qxf8 26. Rc1 Rb8 27. a4 Bg6
28. Qc3 Kh7 29. Qf3 Qd8 30. Rfe1 Rb4 31. Rc4 Rxc4 32. bxc4 Qb8 33. Bf1 Qb4 34.
Re6 Qb1 35. Qc3 Bb4 36. Qd4 Bc5 37. Qd2 Qb3 38. Kg2 Nf6 39. f3 Bf5 40. Re5 Bd6
41. Re3 Qxa4 42. Bd3 Bxd3 43. Qxd3+ Kh6 44. Bxd6 cxd6 45. Re2 Qa1 46. c5 dxc5
47. d6 Qa4 48. Kg3 Qc6 49. Re6 c4 50. Qe3+ Kg6 51. Qg5+ Kh7 52. Qf5+ Kh6 53.
Rxf6+ gxf6 54. Qxf6+ Kh7 55. Qe7+ Kh6 56. d7 Qg6+ 57. Qg5+ 1-0

[Event "Open Portugal 2019"]
[Site "Lisboa POR"]
[Date "2019.02.07"]
[Round "7.21"]
[White "Ranaldi, Lucas"]
[Black "Campora, Daniel"]
[Result "1-0"]
[WhiteElo "2229"]
[BlackElo "2419"]
[WhiteFideId "1519484"]
[BlackFideId "100013"]
[WhiteTitle "FM"]
[BlackTitle "GM"]
[WhiteCountry "NOR"]
[BlackCountry "ARG"]
[PlyCount "131"]
[EventDate "2019.??.??"]

1. c4 e5 2. g3 Nf6 3. Bg2 c6 4. d4 e4 5. Nc3 Bb4 6. Bg5 d5 7. Qb3 Qa5 8. Bxf6
dxc4 9. Qc2 gxf6 10. Bxe4 Be6 11. e3 Nd7 12. Nge2 h5 13. h4 Bd6 14. O-O f5 15.
d5 cxd5 16. Bxf5 Be5 17. Rfd1 Rd8 18. e4 dxe4 19. Bxe6 fxe6 20. Qxe4 Ke7 21. Nf4
Rh6 22. Ng6+ Kf6 23. Nxe5 Qxe5 24. Qxb7 Rh7 25. Ne4+ Kg6 26. Ng5 Re7 27. Re1 Qf5
28. Rad1 Rb8 29. Qxa7 Rxb2 30. Ne4 c3 31. Rxd7 Rxd7 32. Qxd7 c2 33. Qe8+ Kg7 34.
Qe7+ Kg6 35. Qe8+ Kg7 36. Qe7+ Kg6 37. Qa3 Rb1 38. Qe3 Rd1 39. Ng5 c1=Q 40. Qxc1
Rxc1 41. Rxc1 Qd5 42. Re1 e5 43. a3 Kf5 44. Re3 Qd1+ 45. Kg2 Qd5+ 46. Nf3 Kg4
47. Kh2 Qa2 48. Nxe5+ Kf5 49. Kg2 Qd5+ 50. Nf3 Qa8 51. Rc3 Kf6 52. Rc5 Kg6 53.
Rc3 Kf6 54. Kg1 Qe4 55. Re3 Qb1+ 56. Kg2 Qb7 57. Re5 Kg6 58. Rg5+ Kh6 59. a4 Qc6
60. a5 Qb7 61. Re5 Qa6 62. Ng5 Qb7+ 63. Kh2 Qb2 64. Re6+ Kg7 65. Re7+ Kg6 66.
Kg2 1-0

[Event "Open Portugal 2019"]
[Site "Lisboa POR"]
[Date "2019.02.07"]
[Round "7.22"]
[White "Sukandar, Irine Kharisma"]
[Black "Korneev Leskova, Svyatoslav"]
[Result "1-0"]
[WhiteElo "2397"]
[BlackElo "2223"]
[WhiteFideId "7101937"]
[BlackFideId "22267565"]
[WhiteTitle "IM"]
[WhiteCountry "INA"]
[BlackCountry "ESP"]
[PlyCount "57"]

1. e4 e6 2. d4 d5 3. Nd2 c5 4. exd5 Qxd5 5. dxc5 Bxc5 6. Ngf3 Nf6 7. Bc4 Qd6 8.
O-O Qc7 9. Qe2 Nbd7 10. Nb3 O-O 11. Nxc5 Qxc5 12. Be3 Qh5 13. Rad1 e5 14. h3 a6
15. a4 h6 16. Rfe1 Re8 17. Nh2 Qh4 18. Qf1 Nf8 19. g4 Bxg4 20. hxg4 Nxg4 21.
Bxf7+ Kxf7 22. Qc4+ Re6 23. Nxg4 Ke8 24. Bc1 Rd8 25. Rxd8+ Kxd8 26. Qd5+ Kc8 27.
Qc5+ Kd7 28. Nxe5+ Ke8 29. Qc8+ 1-0

[Event "Open Portugal 2019"]
[Site "Lisboa POR"]
[Date "2019.02.07"]
[Round "7.24"]
[White "Rego, Pedro"]
[Black "Di Nicolantonio, Lucas"]
[Result "0-1"]
[WhiteElo "2228"]
[BlackElo "2364"]
[WhiteFideId "1904310"]
[BlackFideId "680460"]
[WhiteTitle "FM"]
[BlackTitle "FM"]
[WhiteCountry "POR"]
[BlackCountry "FRA"]
[PlyCount "68"]
[EventDate "2019.??.??"]

1. e4 g6 2. Nc3 Bg7 3. d4 d6 4. Be3 a6 5. Qd2 b5 6. f3 Nd7 7. O-O-O Bb7 8. h4 h6
9. Kb1 Rc8 10. g4 c5 11. Nce2 Qc7 12. Rc1 e6 13. Ng3 Ne7 14. c3 Nb6 15. Bd3 Nc6
16. N1e2 Na5 17. b3 c4 18. Bc2 cxb3 19. axb3 d5 20. c4 Nbxc4 21. bxc4 Nxc4 22.
Qd3 e5 23. Bb3 O-O 24. dxe5 dxe4 25. Nxe4 Rfd8 26. Bd4 Bxe5 27. Bxc4 bxc4 28.
Qc3 Bxd4 29. Nxd4 Qb6+ 30. Kc2 Bxe4+ 31. fxe4 Qxd4 32. Rce1 Qf2+ 33. Kc1 Rd3 34.
Qb2 Qf4+ 0-1

[Event "Open Portugal 2019"]
[Site "Lisboa POR"]
[Date "2019.02.07"]
[Round "7.26"]
[White "Vasques, António"]
[Black "Rocha, Sérgio"]
[Result "1-0"]
[WhiteElo "2210"]
[BlackElo "2354"]
[WhiteFideId "1908332"]
[BlackFideId "1900404"]
[WhiteTitle "FM"]
[BlackTitle "IM"]
[WhiteCountry "POR"]
[BlackCountry "POR"]
[PlyCount "51"]
[EventDate "2019.??.??"]

1. e4 c6 2. d4 d6 3. Nc3 Nf6 4. f4 g6 5. Nf3 Bg7 6. Bd3 Na6 7. a3 Nc7 8. O-O Bg4
9. e5 Nfd5 10. Nxd5 cxd5 11. Qe1 Bxf3 12. Rxf3 e6 13. Qb4 Rb8 14. exd6 Na8 15.
d7+ Kxd7 16. Bb5+ Kc8 17. f5 Bf8 18. Qc3+ Nc7 19. fxe6 fxe6 20. Rf7 Bd6 21. Bd7+
Qxd7 22. Rxd7 Kxd7 23. Bh6 Rhe8 24. Rf1 Re7 25. Bf8 Nb5 26. Qd3 1-0